|
|
|
|
| LEADER |
00000csb a2200000 a 4500 |
| 003 |
Ucuenca |
| 005 |
20230713143327.0 |
| 008 |
008010| ||||||||r|||||||||||spa|| |
| 040 |
|
|
|b spa
|
| 041 |
1 |
|
|a spa
|
| 082 |
0 |
|
|a 050
|b T368a
|
| 100 |
1 |
|
|a Cárdenas, Eliécer.
|d 1950-2021
|9 101196
|
| 245 |
|
|
|a Asamblea versus Congreso
|c Eliécer Cárdenas Espinosa
|h imp
|
| 264 |
|
|
|a Cuenca
|b Gráficas Hernández
|c Diciembre 2007
|
| 300 |
|
|
|a páginas: 25
|b ilu
|
| 362 |
|
|
|a no. 193 (diciembre de 2007)
|
| 504 |
|
|
|a incl. ref.
|
| 520 |
3 |
|
|a "Resultaría imposible cualquier transacción entre un Congreso desprestigiado y empecinado en sobrevivir a como dé lugar, y la Asamblea Constituyente. Por lo tanto las voces plañideras que hablan del úfin de la democracia" sin ellos carecen de asidero, tanto legal como de tipo moral"
|
| 650 |
1 |
0 |
|a Asamblea Constituyente
|9 44963
|
| 650 |
1 |
|
|a Revista avance
|9 174979
|
| 852 |
|
|
|a UC-CDJBV
|f Donación
|l 1
|m General
|p 20080104
|r 2
|b 0
|d CDRC
|e CDRC
|g 050 T368a TERCER PISO (SECCION REVISTAS)
|z 2008-80-10
|
| 942 |
|
|
|c SERA
|
| 773 |
0 |
|
|0 150599
|9 130425
|d Cuenca Gráficas Hernández Diciembre 2007
|o 116925
|t Avance
|
| 999 |
|
|
|c 103977
|d 103977
|